[Event "EYCC 2024 - O08"]
[Site "?"]
[Date "2024.08.30"]
[Round "8.1"]
[White "Demchenko, Timofei"]
[Black "Vasiloi, Leonard"]
[Result "1-0"]
[BlackElo "1565"]
[WhiteElo "1769"]
[LiveChessVersion "1.4.8"]

1. e4 {[%clk 1:30:58]} d5 {[%clk 1:30:52]} 2. exd5 {[%clk 1:31:21]} Qxd5
{[%clk 1:31:16]} 3. Nc3 {[%clk 1:31:47]} Qa5 {[%clk 1:31:39]} 4. d4
{[%clk 1:32:12]} c6 {[%clk 1:32:05]} 5. Bc4 {[%clk 1:32:19]} Nf6 {[%clk 1:32:31]}
6. Nf3 {[%clk 1:31:49]} Bf5 {[%clk 1:32:53]} 7. Bd2 {[%clk 1:31:28]} e6
{[%clk 1:33:08]} 8. Qe2 {[%clk 1:30:03]} Nbd7 {[%clk 1:32:45]} 9. O-O
{[%clk 1:27:56]} Qc7 {[%clk 1:32:45]} 10. Rfe1 {[%clk 1:25:28]} Bd6
{[%clk 1:33:06]} 11. a3 {[%clk 1:20:08]} O-O-O {[%clk 1:20:28]} 12. b4 Nb6
{[%clk 1:20:13]} 13. Bb3 {[%clk 1:15:56]} Nbd5 {[%clk 1:19:49]} 14. Nxd5
{[%clk 1:12:33]} exd5 {[%clk 1:19:58]} 15. c4 {[%clk 1:09:11]} Rhe8
{[%clk 1:18:23]} 16. Qf1 {[%clk 1:07:34]} Ne4 {[%clk 1:17:15]} 17. h3
{[%clk 1:06:14]} Bh2+ {[%clk 1:17:27]} 18. Kh1 {[%clk 1:03:45]} Bg3
{[%clk 1:17:04]} 19. Be3 {[%clk 1:03:09]} dxc4 {[%clk 1:16:09]} 20. Bxc4
{[%clk 1:03:13]} Bf4 {[%clk 1:06:06]} 21. Kg1 {[%clk 0:56:04]} g5
{[%clk 0:29:39]} 22. b5 {[%clk 0:52:04]} c5 {[%clk 0:25:36]} 23. dxc5
{[%clk 0:50:56]} Bxe3 {[%clk 0:04:28]} 24. Rxe3 {[%clk 0:51:17]} g4
{[%clk 0:03:28]} 25. hxg4 {[%clk 0:51:11]} Bxg4 {[%clk 0:03:17]} 26. b6
{[%clk 0:48:02]} axb6 {[%clk 0:03:30]} 27. cxb6 {[%clk 0:48:10]} Qxb6
{[%clk 0:01:28]} 28. Rb3 {[%clk 0:47:33]} Qf6 {[%clk 0:00:59]} 29. Rab1
{[%clk 0:46:56]} Bxf3 {[%clk 0:00:49]} 30. Rxf3 {[%clk 0:45:31]} Qd4
{[%clk 0:00:52]} 31. Qc1 {[%clk 0:42:27]} Nc5 {[%clk 0:00:46]} 32. Rxf7
{[%clk 0:42:11]} Re4 {[%clk 0:00:53]} 33. Rbxb7 {[%clk 0:34:41]} Qd1+
{[%clk 0:01:13]} 34. Bf1 {[%clk 0:35:07]} 1-0

[Event "EYCC 2024 - O08"]
[Site "?"]
[Date "2024.08.30"]
[Round "8.2"]
[White "Protopopescu, Luca"]
[Black "Hu, Junyan"]
[Result "0-1"]
[BlackElo "1720"]
[WhiteElo "1849"]
[LiveChessVersion "1.4.8"]

1. d4 {[%clk 1:30:57]} Nf6 {[%clk 1:30:31]} 2. Nf3 {[%clk 1:31:20]} d5
{[%clk 1:30:38]} 3. c4 {[%clk 1:31:40]} e6 {[%clk 1:31:02]} 4. Nc3
{[%clk 1:32:05]} dxc4 {[%clk 1:31:27]} 5. e4 {[%clk 1:32:28]} Bb4
{[%clk 1:31:52]} 6. Qc2 {[%clk 1:32:52]} c5 {[%clk 1:30:51]} 7. a3
{[%clk 1:32:21]} Bxc3+ {[%clk 1:30:12]} 8. bxc3 {[%clk 1:32:42]} Nc6
{[%clk 1:29:43]} 9. dxc5 {[%clk 1:31:34]} Qe7 {[%clk 1:29:22]} 10. Bxc4
{[%clk 1:29:13]} Qxc5 {[%clk 1:25:32]} 11. Bd3 {[%clk 1:25:14]} O-O
{[%clk 1:16:24]} 12. Bg5 {[%clk 1:21:32]} Nd7 {[%clk 1:16:15]} 13. Be3
{[%clk 1:19:33]} Qe7 {[%clk 1:16:03]} 14. O-O {[%clk 1:15:21]} Nc5
{[%clk 1:12:35]} 15. Bb5 {[%clk 1:12:27]} Bd7 {[%clk 1:10:21]} 16. Rfd1
{[%clk 1:09:16]} Rfd8 {[%clk 1:08:37]} 17. Rab1 {[%clk 1:07:35]} a6
{[%clk 1:07:29]} 18. Be2 {[%clk 1:06:27]} Rab8 {[%clk 0:53:27]} 19. Rb6
{[%clk 1:03:59]} Na5 {[%clk 0:41:34]} 20. Qb1 {[%clk 0:50:47]} Na4
{[%clk 0:40:04]} 21. Qc1 {[%clk 0:44:57]} Rbc8 {[%clk 0:35:28]} 22. c4
{[%clk 0:44:18]} Bb5 {[%clk 0:33:08]} 23. Rxd8+ {[%clk 0:42:34]} Qxd8
{[%clk 0:33:12]} 24. Qd2 {[%clk 0:39:43]} Qxd2 {[%clk 0:32:47]} 25. Bxd2
{[%clk 0:39:45]} Nxb6 {[%clk 0:32:43]} 26. cxb5 {[%clk 0:40:03]} Nac4
{[%clk 0:32:32]} 27. bxa6 {[%clk 0:40:12]} bxa6 {[%clk 0:32:39]} 28. Be1
{[%clk 0:39:37]} a5 {[%clk 0:31:36]} 29. g3 {[%clk 0:38:51]} Ra8 {[%clk 0:30:33]}
30. a4 {[%clk 0:36:19]} Nd6 {[%clk 0:28:14]} 31. e5 {[%clk 0:36:35]} Nb7
{[%clk 0:26:54]} 32. Bb5 {[%clk 0:36:35]} Nc5 {[%clk 0:25:39]} 33. Nd4
{[%clk 0:34:41]} Nbxa4 {[%clk 0:25:19]} 34. Nc6 {[%clk 0:34:33]} Nb2
{[%clk 0:25:22]} 35. Bxa5 {[%clk 0:33:59]} Nbd3 {[%clk 0:24:36]} 36. f4
{[%clk 0:33:09]} g5 {[%clk 0:23:45]} 37. fxg5 {[%clk 0:30:44]} Nxe5
{[%clk 0:23:23]} 38. Ne7+ {[%clk 0:29:10]} Kf8 {[%clk 0:23:02]} 39. Bb4
{[%clk 0:29:08]} Rb8 {[%clk 0:21:13]} 40. Ng6+ {[%clk 0:28:26]} Kg7
{[%clk 0:20:04]} 41. Bc3 {[%clk 0:28:36]} Kxg6 {[%clk 0:20:06]} 0-1

[Event "EYCC 2024 - O08"]
[Site "?"]
[Date "2024.08.30"]
[Round "8.3"]
[White "Czachurski, Ignacy"]
[Black "Veladzic, Isak"]
[Result "0-1"]
[BlackElo "1788"]
[WhiteElo "1525"]
[LiveChessVersion "1.4.8"]

1. e4 {[%clk 1:30:54]} c6 {[%clk 1:30:31]} 2. d4 {[%clk 1:30:56]} d5
{[%clk 1:30:35]} 3. exd5 {[%clk 1:31:01]} cxd5 {[%clk 1:30:48]} 4. Bd3
{[%clk 1:31:00]} Nf6 {[%clk 1:30:34]} 5. h3 {[%clk 1:31:01]} Nc6 {[%clk 1:30:12]}
6. c3 {[%clk 1:31:10]} g6 {[%clk 1:29:46]} 7. Nf3 {[%clk 1:31:05]} Bg7
{[%clk 1:29:30]} 8. Qc2 {[%clk 1:30:49]} O-O {[%clk 1:21:42]} 9. O-O
{[%clk 1:29:35]} Qc7 {[%clk 1:20:19]} 10. Re1 {[%clk 1:27:47]} Bd7
{[%clk 1:18:29]} 11. Bg5 {[%clk 1:27:40]} Rfe8 {[%clk 1:14:52]} 12. Qd2
{[%clk 1:25:28]} Rac8 {[%clk 1:09:33]} 13. Bf4 {[%clk 1:23:42]} Qb6
{[%clk 1:06:47]} 14. Na3 {[%clk 1:22:12]} e6 {[%clk 0:51:38]} 15. Nb5
{[%clk 1:14:04]} Rf8 {[%clk 0:47:44]} 16. Bd6 {[%clk 1:12:01]} Ne4
{[%clk 0:37:42]} 17. Qe3 {[%clk 1:08:33]} Nxd6 {[%clk 0:33:35]} 18. Nxd6
{[%clk 1:08:52]} Rb8 {[%clk 0:31:35]} 19. Rab1 {[%clk 1:06:28]} a6
{[%clk 0:29:04]} 20. Qf4 {[%clk 1:04:13]} Qc7 {[%clk 0:24:33]} 21. Qg3
{[%clk 1:04:08]} Bh6 {[%clk 0:18:47]} 22. c4 {[%clk 0:59:07]} dxc4
{[%clk 0:17:03]} 23. Nxc4 {[%clk 0:57:17]} Qxg3 {[%clk 0:15:36]} 24. fxg3 Bg7
{[%clk 0:15:13]} 25. Nce5 {[%clk 0:56:16]} Rbd8 {[%clk 0:11:41]} 26. Be4
{[%clk 0:52:17]} Nxd4 27. Bxb7 {[%clk 0:50:16]} Nxf3+ {[%clk 0:11:38]} 28. gxf3
{[%clk 0:50:16]} Bc8 {[%clk 0:11:38]} 29. Bxc8 {[%clk 0:49:37]} Rxc8
{[%clk 0:12:07]} 30. f4 {[%clk 0:49:31]} Rc2 {[%clk 0:10:51]} 31. a4
{[%clk 0:48:04]} Rd8 {[%clk 0:10:42]} 32. Red1 {[%clk 0:47:24]} Rxd1+
{[%clk 0:10:42]} 33. Rxd1 {[%clk 0:47:46]} Bxe5 {[%clk 0:11:04]} 34. Rd8+
{[%clk 0:47:34]} Kg7 {[%clk 0:11:25]} 35. fxe5 {[%clk 0:47:55]} Rxb2
{[%clk 0:11:42]} 36. Rd6 {[%clk 0:47:48]} Re2 {[%clk 0:11:47]} 37. Rxa6
{[%clk 0:48:04]} Rxe5 {[%clk 0:12:03]} 38. a5 {[%clk 0:48:08]} Re2
{[%clk 0:12:11]} 39. Ra8 {[%clk 0:48:27]} Ra2 {[%clk 0:12:05]} 40. a6
{[%clk 0:48:50]} h5 {[%clk 0:11:56]} 41. a7 {[%clk 0:48:38]} Kf6 {[%clk 0:12:00]}
42. Kf1 {[%clk 0:48:38]} Ke5 {[%clk 0:12:01]} 43. Ke1 {[%clk 0:48:42]} Ke4
{[%clk 0:11:53]} 44. Rb8 {[%clk 0:48:51]} Rxa7 {[%clk 0:11:55]} 45. Rb4+
{[%clk 0:49:06]} Kf3 {[%clk 0:11:55]} 46. Rb3+ {[%clk 0:49:06]} Kg2
{[%clk 0:11:55]} 47. g4 {[%clk 0:49:06]} hxg4 {[%clk 0:11:46]} 48. hxg4
{[%clk 0:49:09]} Ra1+ {[%clk 0:11:56]} 49. Ke2 {[%clk 0:49:24]} Rf1
{[%clk 0:11:58]} 50. g5 {[%clk 0:49:13]} Rf5 {[%clk 0:11:50]} 51. Rb7
{[%clk 0:49:16]} Kg3 {[%clk 0:11:56]} 52. Rb4 {[%clk 0:49:26]} Rxg5
{[%clk 0:11:31]} 53. Kf1 {[%clk 0:49:45]} Rf5+ {[%clk 0:11:20]} 54. Kg1
{[%clk 0:49:53]} e5 {[%clk 0:11:15]} 55. Rb3+ {[%clk 0:50:07]} Rf3
{[%clk 0:11:32]} 56. Rb2 {[%clk 0:50:00]} Kf4 {[%clk 0:11:05]} 57. Kg2
{[%clk 0:49:40]} f5 {[%clk 0:10:59]} 58. Kh1 {[%clk 0:49:52]} Ra3
{[%clk 0:10:58]} 59. Kg2 {[%clk 0:50:00]} e4 {[%clk 0:11:09]} 60. Kf2
{[%clk 0:50:03]} g5 {[%clk 0:11:18]} 61. Ke2 {[%clk 0:50:20]} g4 {[%clk 0:11:09]}
62. Kf2 {[%clk 0:50:35]} g3+ {[%clk 0:11:26]} 63. Kg2 {[%clk 0:50:26]} Rf3
{[%clk 0:11:39]} 64. Rb4 {[%clk 0:50:19]} Rf2+ {[%clk 0:11:38]} 65. Kg1
{[%clk 0:50:32]} Kf3 {[%clk 0:11:44]} 66. Rb3+ {[%clk 0:50:30]} e3
{[%clk 0:12:00]} 67. Rb1 {[%clk 0:50:08]} g2 {[%clk 0:12:17]} 68. Kh2
{[%clk 0:50:17]} Rf1 {[%clk 0:12:14]} 69. Rxf1+ {[%clk 0:50:32]} gxf1=R
{[%clk 0:12:03]} 70. Kh3 {[%clk 0:50:58]} Rh1# {[%clk 0:12:17]} 0-1

[Event "EYCC 2024 - O08"]
[Site "?"]
[Date "2024.08.30"]
[Round "8.4"]
[White "Aker, Meric Zeynel"]
[Black "Szumiec, Jan"]
[Result "1-0"]
[BlackElo "1560"]
[WhiteElo "1676"]
[LiveChessVersion "1.4.8"]

1. d4 {[%clk 1:30:56]} Nf6 {[%clk 1:30:22]} 2. c4 {[%clk 1:30:50]} e6
{[%clk 1:29:06]} 3. a3 {[%clk 1:31:12]} Be7 {[%clk 1:24:13]} 4. Nc3 b6
{[%clk 1:23:40]} 5. e4 {[%clk 1:31:06]} Bb7 {[%clk 1:21:45]} 6. e5
{[%clk 1:28:28]} Ne4 {[%clk 1:21:53]} 7. Qg4 {[%clk 1:28:46]} Nxc3
{[%clk 0:56:48]} 8. Qxg7 {[%clk 1:28:53]} Rf8 {[%clk 0:56:18]} 9. bxc3
{[%clk 1:28:41]} Be4 {[%clk 0:52:07]} 10. Nf3 {[%clk 1:24:42]} Bxf3
{[%clk 0:48:06]} 11. gxf3 {[%clk 1:25:09]} h5 {[%clk 0:47:31]} 12. Bh6
{[%clk 1:21:38]} d5 {[%clk 0:41:20]} 13. Qh7 {[%clk 1:18:48]} Qd7
{[%clk 0:38:15]} 14. Bxf8 {[%clk 1:18:32]} Bxf8 {[%clk 0:38:32]} 15. cxd5
{[%clk 1:18:46]} Qxd5 {[%clk 0:38:43]} 16. Qe4 {[%clk 1:19:14]} Qb3
{[%clk 0:36:09]} 17. Qxa8 {[%clk 1:18:25]} Qxc3+ {[%clk 0:36:27]} 18. Ke2
{[%clk 1:18:52]} Qc2+ {[%clk 0:35:47]} 19. Ke3 {[%clk 1:17:15]} Bh6+
{[%clk 0:30:01]} 20. f4 {[%clk 1:17:42]} Qc3+ {[%clk 0:22:41]} 21. Bd3
{[%clk 1:18:02]} Bxf4+ {[%clk 0:23:00]} 22. Kxf4 {[%clk 1:18:09]} Qxd4+
{[%clk 0:22:19]} 23. Qe4 {[%clk 1:18:27]} Qxf2+ {[%clk 0:22:40]} 24. Qf3
{[%clk 1:18:45]} Qd4+ {[%clk 0:22:22]} 25. Kg3 {[%clk 1:18:24]} Qxe5+
{[%clk 0:22:23]} 26. Kg2 {[%clk 1:16:18]} Qb2+ {[%clk 0:22:18]} 27. Be2
{[%clk 1:16:31]} Qg7+ {[%clk 0:22:42]} 28. Qg3 {[%clk 1:16:38]} Qh7
{[%clk 0:22:52]} 29. Rhf1 {[%clk 1:15:31]} Qe4+ {[%clk 0:23:18]} 30. Bf3
{[%clk 1:15:52]} Qc2+ {[%clk 0:23:41]} 31. Rf2 {[%clk 1:16:16]} Qc3
{[%clk 0:23:57]} 32. Rd1 {[%clk 1:15:40]} a6 {[%clk 0:24:05]} 33. Qg8+
{[%clk 1:16:07]} Ke7 {[%clk 0:24:27]} 34. Qd8# 1-0

[Event "EYCC 2024 - O08"]
[Site "?"]
[Date "2024.08.30"]
[Round "8.5"]
[White "Hanas, Markiyan"]
[Black "Kapelinsky, Amos"]
[Result "1-0"]
[BlackElo "1430"]
[WhiteElo "1652"]
[LiveChessVersion "1.4.8"]

1. e4 {[%clk 1:30:59]} c6 {[%clk 1:30:47]} 2. Nf3 {[%clk 1:31:17]} d5
{[%clk 1:31:01]} 3. Nc3 {[%clk 1:31:36]} g6 {[%clk 1:31:17]} 4. d4
{[%clk 1:30:23]} Bg7 {[%clk 1:31:34]} 5. Be3 {[%clk 1:29:38]} dxe4
{[%clk 1:31:51]} 6. Nxe4 {[%clk 1:29:17]} Nf6 {[%clk 1:32:10]} 7. Nxf6+
{[%clk 1:29:13]} exf6 {[%clk 1:32:29]} 8. Bc4 {[%clk 1:28:39]} O-O
{[%clk 1:32:40]} 9. O-O {[%clk 1:28:04]} Nd7 {[%clk 1:32:17]} 10. Re1
{[%clk 1:26:27]} Nb6 {[%clk 1:32:14]} 11. Bb3 {[%clk 1:26:29]} Re8
{[%clk 1:31:57]} 12. c3 {[%clk 1:26:05]} Bg4 {[%clk 1:31:52]} 13. h3
{[%clk 1:25:36]} Be6 {[%clk 1:31:01]} 14. Bf4 {[%clk 1:24:25]} Nd5
{[%clk 1:28:32]} 15. Bh2 {[%clk 1:23:58]} Qd7 {[%clk 1:28:20]} 16. Qd2
{[%clk 1:22:39]} Bf5 {[%clk 1:26:12]} 17. Rxe8+ {[%clk 1:16:47]} Rxe8
{[%clk 1:26:10]} 18. Re1 {[%clk 1:17:09]} Rxe1+ {[%clk 1:25:53]} 19. Qxe1
{[%clk 1:16:34]} Qe6 {[%clk 1:24:53]} 20. Qxe6 {[%clk 1:09:14]} fxe6
{[%clk 1:24:46]} 21. c4 {[%clk 1:07:30]} Nb4 {[%clk 1:24:28]} 22. a3
{[%clk 0:54:08]} Nd3 {[%clk 1:22:43]} 23. g4 {[%clk 0:53:31]} Be4
{[%clk 1:22:58]} 24. Nd2 {[%clk 0:53:51]} Nc1 {[%clk 1:23:01]} 25. Bd1
{[%clk 0:50:05]} Bd3 {[%clk 1:22:39]} 26. Nb3 {[%clk 0:48:09]} Nxb3
{[%clk 1:21:50]} 27. Bxb3 {[%clk 0:48:23]} f5 {[%clk 1:20:27]} 28. Be5
{[%clk 0:47:33]} Bxe5 {[%clk 1:20:42]} 29. dxe5 {[%clk 0:47:53]} fxg4
{[%clk 1:20:55]} 30. hxg4 {[%clk 0:48:13]} Be2 {[%clk 1:21:08]} 31. g5
{[%clk 0:48:25]} c5 {[%clk 1:20:18]} 32. f4 {[%clk 0:44:39]} Kf7 {[%clk 1:18:30]}
33. Kf2 {[%clk 0:44:14]} Bd3 {[%clk 1:18:38]} 34. Ke3 {[%clk 0:43:52]} Bf1
{[%clk 1:17:33]} 35. Kd2 {[%clk 0:41:58]} Kg7 {[%clk 1:16:34]} 36. Kc3
{[%clk 0:35:32]} a6 {[%clk 1:14:57]} 37. Ba4 {[%clk 0:30:03]} b5 {[%clk 1:12:30]}
38. Bb3 {[%clk 0:30:19]} Kf7 {[%clk 1:10:47]} 39. Ba2 {[%clk 0:28:21]} a5
{[%clk 1:07:47]} 40. cxb5 {[%clk 0:26:41]} Bxb5 {[%clk 1:08:08]} 41. Bc4
{[%clk 0:25:42]} Bc6 {[%clk 1:07:54]} 42. Kb3 {[%clk 0:25:21]} a4+
{[%clk 1:05:49]} 43. Kc3 {[%clk 0:25:35]} Ke7 {[%clk 1:05:07]} 44. Bd3
{[%clk 0:25:38]} Bd5 {[%clk 1:03:21]} 45. Bc2 {[%clk 0:25:46]} Kd8
{[%clk 1:00:34]} 46. Bxa4 {[%clk 0:25:50]} Kc7 {[%clk 1:00:48]} 47. Bb3
{[%clk 0:25:45]} 1-0

[Event "EYCC 2024 - O08"]
[Site "?"]
[Date "2024.08.30"]
[Round "8.6"]
[White "Puzas, Kasparas"]
[Black "Bartzos, Iasonas"]
[Result "0-1"]
[BlackElo "1583"]
[WhiteElo "1558"]
[LiveChessVersion "1.4.8"]

1. e4 {[%clk 1:30:57]} c5 {[%clk 1:30:54]} 2. Nc3 {[%clk 1:31:22]} g6
{[%clk 1:31:15]} 3. g3 {[%clk 1:31:45]} Bg7 {[%clk 1:31:34]} 4. Bg2
{[%clk 1:31:59]} Nc6 {[%clk 1:31:37]} 5. Nge2 {[%clk 1:32:12]} d6
{[%clk 1:31:42]} 6. O-O {[%clk 1:32:26]} e6 {[%clk 1:32:00]} 7. d3
{[%clk 1:32:41]} Nge7 {[%clk 1:32:09]} 8. Be3 {[%clk 1:32:56]} Nd4
{[%clk 1:32:12]} 9. f4 {[%clk 1:32:51]} O-O {[%clk 1:32:21]} 10. Qd2
{[%clk 1:31:44]} Nec6 {[%clk 1:29:36]} 11. g4 {[%clk 1:30:24]} f5
{[%clk 1:28:50]} 12. exf5 {[%clk 1:30:10]} gxf5 {[%clk 1:27:56]} 13. gxf5
{[%clk 1:30:27]} Nxf5 {[%clk 1:28:15]} 14. Bf2 {[%clk 1:30:43]} Bd7
{[%clk 1:23:18]} 15. Ng3 {[%clk 1:30:50]} Nxg3 {[%clk 1:21:39]} 16. Bxg3
{[%clk 1:31:07]} Nd4 {[%clk 1:15:22]} 17. Ne4 {[%clk 1:30:34]} Nf5
{[%clk 1:11:25]} 18. Be1 {[%clk 1:30:47]} Bxb2 19. Rb1 {[%clk 1:30:50]} Bd4+
{[%clk 1:07:34]} 20. Bf2 {[%clk 1:31:05]} Bc6 {[%clk 1:06:03]} 21. c3
{[%clk 1:30:27]} Bg7 {[%clk 1:00:02]} 22. d4 {[%clk 1:28:05]} cxd4
{[%clk 0:56:45]} 23. cxd4 {[%clk 1:28:10]} Qe7 {[%clk 0:55:46]} 24. Rfe1
{[%clk 1:27:40]} h6 {[%clk 0:52:00]} 25. Rbd1 {[%clk 1:02:07]} Rad8
{[%clk 0:48:00]} 26. Qe2 {[%clk 0:57:50]} Rfe8 {[%clk 0:43:48]} 27. Bf3
{[%clk 0:57:35]} Kh8 {[%clk 0:40:09]} 28. Bh5 {[%clk 0:48:04]} Rg8
{[%clk 0:39:06]} 29. Ng3 {[%clk 0:48:04]} Nxg3 {[%clk 0:37:27]} 30. Bxg3
{[%clk 0:48:20]} Bd5 {[%clk 0:32:02]} 31. f5 {[%clk 0:48:04]} Qh4
{[%clk 0:21:46]} 32. Qg4 {[%clk 0:41:24]} Qxg4 {[%clk 0:19:21]} 33. Bxg4
{[%clk 0:41:13]} exf5 {[%clk 0:15:22]} 34. Bxf5 {[%clk 0:41:21]} Bxa2
{[%clk 0:14:34]} 35. d5 {[%clk 0:35:05]} Bb3 {[%clk 0:14:10]} 36. Rd3
{[%clk 0:31:24]} Bc2 {[%clk 0:12:32]} 37. Rf3 {[%clk 0:30:47]} Bd4+
{[%clk 0:09:51]} 38. Kh1 {[%clk 0:30:31]} Rgf8 {[%clk 0:09:33]} 39. Bg4
{[%clk 0:29:34]} Rxf3 {[%clk 0:09:27]} 40. Bxf3 {[%clk 0:29:51]} Bf5
{[%clk 0:09:35]} 41. Re7 {[%clk 0:28:16]} Rc8 {[%clk 0:08:39]} 42. Re1
{[%clk 0:24:11]} Bc5 {[%clk 0:08:30]} 43. Bf4 {[%clk 0:22:41]} Rc7
{[%clk 0:08:03]} 44. Bxh6 {[%clk 0:21:47]} b5 {[%clk 0:07:55]} 45. h4
{[%clk 0:18:48]} Bf2 {[%clk 0:07:32]} 46. Re8+ {[%clk 0:17:01]} Kh7
{[%clk 0:07:38]} 47. Bf8 {[%clk 0:16:41]} Bg3 {[%clk 0:07:00]} 48. Re7+
{[%clk 0:14:57]} Rxe7 {[%clk 0:06:44]} 49. Bxe7 a5 {[%clk 0:06:47]} 50. Bg5
{[%clk 0:11:42]} a4 51. Bc1 {[%clk 0:10:29]} b4 {[%clk 0:06:48]} 52. Bd1
{[%clk 0:09:20]} a3 {[%clk 0:06:16]} 53. Bb3 {[%clk 0:09:36]} Bb1
{[%clk 0:06:16]} 54. Bd2 {[%clk 0:09:51]} a2 {[%clk 0:05:51]} 55. Bxa2
{[%clk 0:10:11]} Bxa2 {[%clk 0:06:03]} 56. Bxb4 {[%clk 0:10:38]} Bxd5+
{[%clk 0:06:13]} 57. Kg1 {[%clk 0:11:00]} Kh6 {[%clk 0:06:22]} 58. Kf1
{[%clk 0:11:18]} Bf3 {[%clk 0:06:10]} 59. Bxd6 {[%clk 0:11:11]} Bxd6
{[%clk 0:06:32]} 60. Kf2 {[%clk 0:11:28]} Bc6 {[%clk 0:06:50]} 61. Ke3
{[%clk 0:11:37]} Kh5 {[%clk 0:07:07]} 62. Kd4 {[%clk 0:11:59]} Kxh4
{[%clk 0:07:13]} 63. Kc4 {[%clk 0:12:09]} Kg4 {[%clk 0:07:26]} 64. Kd4
{[%clk 0:12:28]} Kf4 {[%clk 0:07:41]} 65. Kc4 {[%clk 0:12:56]} Ke4
{[%clk 0:08:02]} 66. Kc3 {[%clk 0:13:20]} Bd5 {[%clk 0:08:21]} 67. Kb2
{[%clk 0:13:40]} Kd3 {[%clk 0:08:23]} 68. Kb1 {[%clk 0:13:53]} Ba3
{[%clk 0:08:29]} 69. Ka1 {[%clk 0:14:18]} Kc3 {[%clk 0:08:41]} 70. Kb1
{[%clk 0:14:20]} Kb3 {[%clk 0:09:09]} 71. Ka1 {[%clk 0:14:40]} Bb2+
{[%clk 0:09:32]} 72. Kb1 {[%clk 0:14:50]} Be4# {[%clk 0:09:55]} 0-1

[Event "EYCC 2024 - O08"]
[Site "?"]
[Date "2024.08.30"]
[Round "8.7"]
[White "Dede, Omer Taha"]
[Black "Zidek, Damian"]
[Result "1-0"]
[BlackElo "1582"]
[WhiteElo "1547"]
[LiveChessVersion "1.4.8"]

1. d4 {[%clk 1:30:30]} e6 {[%clk 1:30:51]} 2. c4 {[%clk 1:30:30]} Nf6
{[%clk 1:31:13]} 3. Nf3 {[%clk 1:30:30]} b6 {[%clk 1:31:35]} 4. Nc3
{[%clk 1:30:00]} Bb4 {[%clk 1:31:58]} 5. Bd2 {[%clk 1:30:00]} Bb7
{[%clk 1:31:43]} 6. g3 {[%clk 1:29:30]} O-O {[%clk 1:31:17]} 7. Bg2
{[%clk 1:28:29]} d6 {[%clk 1:30:20]} 8. O-O {[%clk 1:26:30]} c5 {[%clk 1:30:13]}
9. a3 {[%clk 1:25:30]} Bxc3 {[%clk 1:30:16]} 10. Bxc3 {[%clk 1:25:00]} Nbd7
{[%clk 1:29:07]} 11. Rc1 {[%clk 1:23:00]} Qc7 {[%clk 1:28:00]} 12. b3
{[%clk 1:16:30]} Rad8 {[%clk 1:27:51]} 13. Qc2 {[%clk 1:09:00]} Ne4
{[%clk 1:27:17]} 14. Rfd1 {[%clk 1:05:30]} Nxc3 {[%clk 1:26:03]} 15. Qxc3
{[%clk 1:04:29]} Nf6 {[%clk 1:26:12]} 16. Ng5 {[%clk 1:04:00]} h6
{[%clk 1:25:28]} 17. Bxb7 {[%clk 1:01:30]} Qxb7 {[%clk 1:25:25]} 18. Nh3
{[%clk 1:00:30]} Qe4 {[%clk 1:22:58]} 19. Qf3 Qg6 {[%clk 1:19:29]} 20. Nf4
{[%clk 0:58:00]} Qf5 {[%clk 1:19:13]} 21. Qd3 {[%clk 0:55:00]} Qxd3
{[%clk 1:18:17]} 22. Rxd3 {[%clk 0:52:30]} cxd4 {[%clk 1:18:37]} 23. Ng2
{[%clk 0:51:56]} e5 {[%clk 1:18:50]} 24. e3 dxe3 {[%clk 1:18:53]} 25. Nxe3
{[%clk 0:52:15]} Rd7 {[%clk 1:19:00]} 26. Rcd1 {[%clk 0:51:59]} Rfd8
{[%clk 1:19:02]} 27. Nf5 {[%clk 0:51:59]} Ne8 {[%clk 1:18:55]} 28. Rd5
{[%clk 0:50:30]} Kh7 {[%clk 1:18:50]} 29. b4 {[%clk 0:47:00]} g6 {[%clk 1:18:44]}
30. Ne3 {[%clk 0:46:12]} Nc7 {[%clk 1:17:28]} 31. R5d3 {[%clk 0:45:08]} Ne6
{[%clk 1:15:55]} 32. Ng4 {[%clk 0:44:40]} e4 {[%clk 1:07:09]} 33. Nf6+
{[%clk 0:44:34]} Kg7 {[%clk 1:06:29]} 34. Nxe4 {[%clk 0:44:55]} f5
{[%clk 0:59:29]} 35. Rxd6 {[%clk 0:44:23]} Rxd6 {[%clk 0:59:36]} 36. Rxd6
{[%clk 0:43:47]} fxe4 {[%clk 0:58:12]} 37. Rxe6 {[%clk 0:43:48]} Rd4
{[%clk 0:58:11]} 38. Re7+ {[%clk 0:43:47]} Kf6 {[%clk 0:58:30]} 39. Rxa7
{[%clk 0:44:00]} Rxc4 {[%clk 0:57:05]} 40. Ra6 {[%clk 0:44:18]} Rc1+
{[%clk 0:56:20]} 41. Kg2 {[%clk 0:44:34]} Rc2 {[%clk 0:56:26]} 42. Rxb6+
{[%clk 0:44:35]} Ke5 {[%clk 0:56:43]} 43. Rb8 {[%clk 0:43:22]} Kd6
{[%clk 0:41:30]} 44. Rd8+ {[%clk 0:40:07]} Ke5 {[%clk 0:41:13]} 45. b5
{[%clk 0:39:43]} Rb2 {[%clk 0:40:58]} 46. a4 {[%clk 0:37:24]} Rb4
{[%clk 0:37:15]} 47. a5 {[%clk 0:37:41]} Rxb5 {[%clk 0:37:33]} 48. a6
{[%clk 0:36:51]} Ra5 {[%clk 0:34:36]} 49. Ra8 Ke6 50. a7 {[%clk 0:37:13]} Kd7
{[%clk 0:34:26]} 51. Rh8 {[%clk 0:37:23]} 1-0

[Event "EYCC 2024 - O08"]
[Site "?"]
[Date "2024.08.30"]
[Round "8.8"]
[White "Cherem, Yoseph"]
[Black "Huzela, Lukyan"]
[Result "1-0"]
[BlackElo "1577"]
[WhiteElo "1606"]
[LiveChessVersion "1.4.8"]

1. d4 {[%clk 1:30:57]} Nf6 {[%clk 1:30:02]} 2. c4 {[%clk 1:31:07]} e6
{[%clk 1:30:24]} 3. Nc3 {[%clk 1:31:15]} Bb4 {[%clk 1:30:35]} 4. e3
{[%clk 1:31:29]} b6 {[%clk 1:30:00]} 5. Nge2 {[%clk 1:30:53]} Bb7
{[%clk 1:28:05]} 6. a3 {[%clk 1:29:36]} Be7 {[%clk 1:27:14]} 7. Ng3
{[%clk 1:29:36]} h5 {[%clk 1:27:23]} 8. h4 {[%clk 1:29:41]} Ng4 {[%clk 1:23:56]}
9. Nxh5 {[%clk 1:28:31]} Rxh5 {[%clk 1:24:02]} 10. Qxg4 {[%clk 1:28:48]} g6
{[%clk 1:24:20]} 11. Bd2 {[%clk 1:26:17]} Bxh4 {[%clk 1:16:37]} 12. O-O-O
{[%clk 1:26:13]} Qf6 {[%clk 1:15:57]} 13. Bd3 {[%clk 1:25:19]} Na6
{[%clk 0:56:48]} 14. Nb5 {[%clk 1:22:45]} O-O-O {[%clk 0:55:23]} 15. Nxa7+
{[%clk 1:23:01]} Kb8 {[%clk 0:55:52]} 16. Nb5 {[%clk 1:23:02]} Rdh8
{[%clk 0:55:57]} 17. f3 {[%clk 1:18:35]} Rg5 {[%clk 0:52:42]} 18. Qh3
{[%clk 1:18:02]} Rg3 {[%clk 0:52:21]} 19. Qh2 {[%clk 1:17:54]} g5
{[%clk 0:50:24]} 20. Be1 {[%clk 1:16:08]} Rxf3 {[%clk 0:42:29]} 21. gxf3
{[%clk 1:16:03]} Qxf3 {[%clk 0:41:30]} 22. Rf1 {[%clk 1:15:10]} Qxe3+
{[%clk 0:38:49]} 23. Kb1 {[%clk 1:14:41]} f5 {[%clk 0:35:14]} 24. Bf2
{[%clk 1:14:15]} Qf4 {[%clk 0:34:06]} 25. Qxf4 {[%clk 1:13:03]} gxf4
{[%clk 0:34:35]} 26. Be1 {[%clk 1:12:56]} Bg3 {[%clk 0:33:58]} 27. Be2
{[%clk 1:10:36]} e5 {[%clk 0:30:22]} 28. dxe5 {[%clk 1:10:13]} Nc5
{[%clk 0:30:44]} 29. Bf3 {[%clk 1:10:17]} Bxf3 {[%clk 0:20:46]} 30. Rxf3
{[%clk 1:10:33]} Rh1 {[%clk 0:21:06]} 31. Kc2 {[%clk 1:09:35]} Bxe1
{[%clk 0:19:51]} 32. Rxf4 {[%clk 1:09:42]} Rh2+ {[%clk 0:19:08]} 33. Kb1
{[%clk 1:09:49]} Bg3 {[%clk 0:19:25]} 34. Rxf5 {[%clk 1:09:24]} Na4
{[%clk 0:19:11]} 35. b3 {[%clk 1:09:02]} Rb2+ {[%clk 0:18:22]} 36. Kc1
{[%clk 1:06:34]} Rxb3 {[%clk 0:15:32]} 37. Rxd7 {[%clk 1:06:41]} Rxb5
{[%clk 0:15:41]} 38. cxb5 {[%clk 1:06:40]} Nc5 {[%clk 0:16:00]} 39. Rd8+
{[%clk 1:06:01]} Kb7 {[%clk 0:13:46]} 40. Rff8 {[%clk 1:05:44]} Nb3+
{[%clk 0:11:54]} 41. Kd1 {[%clk 1:05:39]} c5 {[%clk 0:11:13]} 42. Rd7# 1-0